|
|
|
|
| LEADER |
00995nam a2200253 a 4500 |
| 001 |
3506649 |
| 008 |
090802s1995 nyu 000 0 eng d |
| 010 |
|
|
|a 95034226
|
| 020 |
|
|
|a 0679767258
|
| 040 |
|
|
|a DLC
|c DLC
|d DLC
|
| 082 |
0 |
0 |
|a 956.04
|2 20
|
| 100 |
1 |
|
|a Said, Edward W.
|
| 245 |
1 |
0 |
|a Peace and its discontents :
|b essays on Palestine in the Middle East peace process /
|c by Edward W. Said ; with a preface by Christopher Hitchens.
|
| 250 |
|
|
|a 1st ed.
|
| 260 |
|
|
|a New York :
|b Vintage Books,
|c 1995.
|
| 300 |
|
|
|a xxxv, 188 p. ;
|c 20 cm.
|
| 500 |
|
|
|a "A Vintage original"--T.p. verso.
|
| 504 |
|
|
|a Includes bibliographical references(p. 187-188).
|
| 541 |
1 |
|
|e 00015824
|
| 650 |
|
0 |
|a Arab-Israeli conflict
|y 1973-1993.
|
| 710 |
|
0 |
|a Hitchens, Christopher
|
| 852 |
4 |
|
|a Ayesha Abed Library
|j General Shelf.
|
| 999 |
|
|
|c 3171
|d 3171
|
| 952 |
|
|
|0 0
|1 0
|2 ddc
|4 0
|6 956_040000000000000_SAI
|7 0
|9 2874
|a BRACUL
|b BRACUL
|c GEN
|d 2009-08-30
|l 3
|m 2
|o 956.04 SAI
|p 3010015824
|r 2019-11-17
|s 2019-11-06
|t 1
|w 2009-08-30
|y BK
|